000 00280nam a22001337a 4500
020 _a818348012-8
082 _a510
_bGOY/A
100 _aGOYAL , S.K
245 _aALGEBRA
260 _aMEERUT
_bARIHANT PRAKASHAN
300 _a976
650 _aMATHS REFERENCE
_zINDIA
942 _cBK
999 _c1230
_d1230